Sorpresa de España / (Record no. 109174)

MARC details
000 -LEADER
campo de control de longitud fija 00623nam a2200205 4500
001 - NÚMERO DE CONTROL
campo de control 109174
003 - IDENTIFICADOR DE NÚMERO DE CONTROL
campo de control ES-MaACL
005 - FECHA Y HORA DE LA ÚLTIMA TRANSACCIÓN
campo de control 20231204173936.0
007 - CAMPO FIJO DE DESCRIPCIÓN FÍSICA--INFORMACIÓN GENERAL
campo de control de longitud fija t|
008 - DATOS DE LONGITUD FIJA--INFORMACIÓN GENERAL
campo de control de longitud fija 061121s1962 sp r ||||1| spa d
100 1# - ENTRADA PRINCIPAL--NOMBRE DE PERSONA
Nombre de persona Muelas, Federico,
Fechas asociadas al nombre 1909-1974
9 (RLIN) 84034
245 10 - MENCIÓN DEL TÍTULO
Título Sorpresa de España /
Mención de responsabilidad, etc. Federico Muelas ; fotografías Kindel.
250 ## - MENCION DE EDICION
Mención de edición 1ª ed.
260 ## - PUBLICACIÓN, DISTRIBUCIÓN, ETC.
Lugar de publicación, distribución, etc. Madrid :
Nombre del editor, distribuidor, etc. Sucesores de Rivadeneyra,
Fecha de publicación, distribución, etc. 1962.
300 ## - DESCRIPCIÓN FÍSICA
Extensión 157 p., 8 lám :
Otras características físicas il. ;
Dimensiones 34 cm.
651 #4 - PUNTO DE ACCESO ADICIONAL DE MATERIA--NOMBRE GEOGRÁFICO
Nombre geográfico España-
Subdivisión general Descripción-
Subdivisión cronológica S.XX.
9 (RLIN) 8187
700 0# - ENTRADA AGREGADA--NOMBRE PERSONAL
Nombre de persona Kindel (
Fechas asociadas al nombre 1905-1989)
9 (RLIN) 172693
852 ## - LOCALIZACIÓN
Ubicación ES-MaACL
Número de control de estantería C-21953
Holdings
Estatus retirado Estado de pérdida Estado de daño No para préstamo Biblioteca de origen Biblioteca actual Ubicación en estantería Fecha de adquisición Fuente de adquisición Total de préstamos Signatura topográfica completa Código de barras Visto por última vez Precio de reemplazo Tipo de ítem Koha
        Biblioteca del Ateneo de Madrid Biblioteca del Ateneo de Madrid Galería 17/01/2008     C-21953 1113914 23/02/2023 23/02/2023 Libro impreso